35 truyện ngắn nữ chọn lọc
v.v...
Đã lưu trong:
| Tác giả chính: | |
|---|---|
| Định dạng: | Sách |
| Năm xuất bản: |
H.
Hội nhà văn
1997
|
| Chủ đề: | |
| Tags: |
Thêm thẻ
Không có thẻ, Hãy là người đầu tiên gắn thẻ bản ghi này!
|
| LEADER | 00798nam a2200181 4500 | ||
|---|---|---|---|
| 082 | |a 895.922334 |b B100m | ||
| 100 | |a Lê Minh Khuê | ||
| 245 | |a 35 truyện ngắn nữ chọn lọc |c Lê Minh Khuê, Phan Thị Vàng Anh, Đoàn Lê,.. | ||
| 260 | |a H. |b Hội nhà văn |c 1997 | ||
| 300 | |a 481 tr. |c 21 cm. | ||
| 520 | |a v.v... | ||
| 653 | |a Văn học hiện đại | ||
| 653 | |a Việt Nam | ||
| 653 | |a Truyện ngắn | ||
| 942 | |2 ddc |c STK0 | ||
| 999 | |c 4851 |d 4851 | ||
| 952 | |0 0 |1 0 |2 ddc |4 0 |6 895_922334000000000_B100M |7 0 |8 800 |9 45346 |a qbu |b qbu |c D5 |d 2014-12-20 |g 38000 |l 2 |o 895.922334 B100m |p 714.c1 |r 2015-04-24 |s 2015-04-17 |w 2014-12-20 |y STK0 | ||
| 952 | |0 0 |1 0 |2 ddc |4 0 |6 895_922334000000000_B100M |7 0 |8 800 |9 45347 |a qbu |b qbu |c D5 |d 2014-12-20 |g 38000 |l 1 |o 895.922334 B100m |p 714.c2 |r 2017-02-23 |s 2017-02-13 |w 2014-12-20 |y STK0 | ||